Château de la Renaissance - Statistiques

Statistiques générales
  • Ce quiz a été pris 133 fois
  • Le résultat moyen est 4 sur 7
Statistiques - réponses
Par images Réponse % Correct
Chambord
97%
Chenonceau
87%
Blois
71%
Azay-le-Rideau
61%
Fontainebleau
49%
Gaillon
3%
Madrid
3%
Aucun quiz correspondant
Distribution des résultats
% des personnes avec chaque résultat
Percentile par nombre de réponses
Votre historique - résultats
Vous n’avez pas pris ce quiz